Regions of Mauritania Quiz Stats

 Plays Quiz not verified by Sporcle

Challenge
Share
Tweet
Embed
Score 0/13 Timer 03:00
0 Plays Today
% Correct
Nouakchott
95%
Dakhlet Nouadhibou
70%
Adrar
50%
Gorgol
45%
Hodh Ech Chargui
45%
Hodh El Gharbi
45%
Inchiri
45%
Trarza
45%
Guidimaka
40%
Tagant
40%
Tiris Zemmour
40%
Assaba
35%
Brakna
35%

You're not logged in!

Compare scores with friends on all Sporcle quizzes.
Join for Free
OR
Log In

You Might Also Like...

Show Comments

Extras

Created Feb 16, 2011ReportNominate
Tags:Africa Quiz, Country Quiz

Top Quizzes Today


Score Distribution

Your Account Isn't Verified!

In order to create a playlist on Sporcle, you need to verify the email address you used during registration. Go to your Sporcle Settings to finish the process.

Report this User

Report this user for behavior that violates our Community Guidelines.

Details: